Thomas Kuhn / (Record no. 155060)

MARC details
000 -LEADER
fixed length control field nam a22 7a 4500
005 - DATE AND TIME OF LATEST TRANSACTION
control field 20200827121532.0
008 - FIXED-LENGTH DATA ELEMENTS--GENERAL INFORMATION
fixed length control field 200827b sp ||||| |||| 00| 0 spa d
020 ## - INTERNATIONAL STANDARD BOOK NUMBER
International Standard Book Number 843093894X
050 04 - LIBRARY OF CONGRESS CALL NUMBER
Classification number B175
Item number B57 2002
100 1# - MAIN ENTRY--PERSONAL NAME
Personal name Bird, Alexander,
Dates associated with a name 1964-
Relator term autor.
245 10 - TITLE STATEMENT
Title Thomas Kuhn /
Statement of responsibility, etc Alexander Bird ; traduccion de Carmen Garcia Trevijano
260 ## - PUBLICATION, DISTRIBUTION, ETC. (IMPRINT)
Place of publication, distribution, etc Madrid :
Name of publisher, distributor, etc Tecnos,
Date of publication, distribution, etc 2002
300 ## - PHYSICAL DESCRIPTION
Extent 390 páginas ;
Dimensions 22 cm
600 1# - SUBJECT ADDED ENTRY--PERSONAL NAME
Personal name Kuhn, Thomas Samuel,
Dates associated with a name 1922-1996
650 #7 - SUBJECT ADDED ENTRY--TOPICAL TERM
Source of heading or term lemb
Topical term or geographic name as entry element Ciencia
General subdivision Filosofía
650 #7 - SUBJECT ADDED ENTRY--TOPICAL TERM
Source of heading or term lemb
Topical term or geographic name as entry element Ciencia
General subdivision Historia
700 1# - ADDED ENTRY--PERSONAL NAME
Personal name García Trevijano, Carmen,
Relator term traductor
942 ## - ADDED ENTRY ELEMENTS (KOHA)
Source of classification or shelving scheme Biblioteca del Cogreso de los Estados Unidos
Koha item type Libro
Holdings
Estado de pérdida Fuente de clasificación Estado del daño No para préstamo Ubicación permanente Ubicación actual Apartado o colección Fecha de adquisición Área del conocimiento Clasificación Código de Barras Date last seen Número de copia Costo por reposición Tipo de recurso
  Biblioteca del Cogreso de los Estados Unidos     Biblioteca del Instituto de Investigaciones Históricas Biblioteca del Instituto de Investigaciones Históricas General 27/08/2020 Ciencias Naturales y Exactas Q175 B57 2002 IIH000029796 27/08/2020 C:1 1.00 Libro